Guía metodológica integral de lenguaje y literatura para sexto grado de educación básica (Registro nro. 25781)

Detalles MARC
000 -CABECERA
Longitud fija campo de control 01277nam a22002417a 4500
003 - IDENTIFICADOR DELl NÚMERO DE CONTROL
Identificador del número de control OSt
005 - FECHA Y HORA DE LA ÚLTIMA TRANSACCIÓN
Fecha y hora de la última transacción 20160912184740.0
008 - CÓDIGOS DE INFORMACIÓN DE LONGITUD FIJA
Códigos de información de longitud fija 140214b slv spa
040 ## - FUENTE DE LA CATALOGACIÓN
Centro transcriptor BMC
082 ## - NÚMERO DE LA CLASIFICACIÓN DECIMAL DEWEY
Númeroo de clasificación 372.6
100 1# - PUNTO DE ACCESO PRINCIPAL-NOMBRE DE PERSONA
9 (RLIN) 39583
Nombre de persona Rodríguez de Chiguila, Graciela de las Mercedes
245 10 - MENCIÓN DE TÍTULO
Título Guía metodológica integral de lenguaje y literatura para sexto grado de educación básica
Resto del título : Proyecto
Mención de responsabilidad, etc. Graciela de las Mercedes Rodríguez de Chiguila, Yadira Carolina Martínez Álvarez
260 ## - PUBLICACIÓN, DISTRIBUCIÓN, ETC. (PIE DE IMPRENTA)
Lugar de publicación, distribución, etc. Santa Ana (El Salvador)
Nombre del editor, distribuidor, etc. Universidad Católica de El Salvador
Fecha de publicación, distribución, etc. 2016
300 ## - DESCRIPCIÓN FÍSICA
Extensión 76 h.
Dimensiones 28 cm
Material anejo + 1 disco compacto
500 ## - NOTA GENERAL
Nota general Precede al tít.: Universidad Católica de El Salvador, Escuela de Postgrado, Maestría en Asesoría Educativa
502 ## - NOTA DE TESIS
Nota de tesis Trabajo de graduación para optar al grado académico de Máster en Asesoría Educativa
505 ## - NOTA DE CONTENIDO CON FORMATO
Nota de contenido con formato Contiene: Nos comunicamos.- La magia de narrar.- El universo dramático.- Sigamos instrucciones.- Apreciemos la Poesia.- Me divierto con las caricaturas.-
505 ## - NOTA DE CONTENIDO CON FORMATO
Nota de contenido con formato Nuestro mundo informativo.- argumentemos
650 24 - PUNTO DE ACCESO ADICIONAL DE MATERIA - TÉRMINO DE MATERIA
9 (RLIN) 16126
Término de materia o nombre geográfico como elemento inicial Literatura
Subdivisión de materia general Didáctica
700 1# - PUNTO DE ACCESO ADICIONAL - NOMBRE DE PERSONA
9 (RLIN) 39584
Nombre de persona Martínez Álvarez, Yadira Carolina
710 2# - PUNTO DE ACCESO ADICIONAL - NOMBRE DE ENTIDAD
9 (RLIN) 19868
Nombre de entidad o nombre de jurisdicción como elemento inicial Universidad Católica de El Salvador
Unidad subordinada Escuela de Postgrado
942 ## - ENTRADA DE ELEMENTOS AGREGADOS (KOHA)
Fuente de clasificaión o esquema Dewey Decimal Classification
Koha [por defecto] tipo de item 4- Trabajo de Graduación
Existencias
Suprimido Perdido Fuente de clasificación o esquema Estropeado Restricciones de uso No para préstamo Código de colección Localización permanente Localización actual Localización en estanter&íacute;as Fecha adquisición Fuente de adquisición Número de inventario Préstamos totales Renovaciones totales Signatura completa Código de barras Fecha última consulta Fecha último préstamo Fecha del precio de reemplazo Tipo de item de Koha
NULL NULL Dewey Decimal Classification NULL Prestable NULL NULL Biblioteca Miguel de Cervantes - UNICAES Biblioteca Miguel de Cervantes - UNICAES Sala Principal 25/08/2016 Donación - Alumnos 002398 2 2 P-002398 1037918 26/10/2016 24/10/2016 09/09/2016 4- Trabajo de Graduación